[Event "ch-CRO 2017"]
[Site "Valpovo CRO"]
[Date "2017.04.28"]
[Round "4.4"]
[White "Palac,M"]
[Black "Bosiocic,Mari"]
[Result "0-1"]
[WhiteElo "2573"]
[BlackElo "2610"]

1.e4 c5 2.Nf3 e6 3.d4 cxd4 4.Nxd4 Nc6 5.Nc3 Qc7 6.Be2 a6 7.O-O Nf6 8.Be3 Be7
9.f4 d6 10.a4 O-O 11.Kh1 Nxd4 12.Qxd4 Bd7 13.e5 Ne8 14.a5 Bc6 15.Bf3 Rd8
16.Bxc6 Qxc6 17.Qb6 Rc8 18.Rfd1 f6 19.exf6 Nxf6 20.Re1 Bd8 21.Qb3 d5 22.Ne2
Ne4 23.c3 Kh8 24.Nd4 Qd7 25.Nf3 Qf7 26.Ne5 Qe7 27.c4 dxc4 28.Nxc4 Bc7 29.Qxb7
Nc5 30.Qb4 Bxf4 31.Nb6 Bxe3 32.Nxc8 Qf6 33.Qc4 Qxb2 34.Nb6 Bf2 35.Rf1 Qe5
36.Ra2 Ne4 37.Nd7 Qf4 38.Nxf8 Qh4 39.Ra3 Ng3+ 40.Rxg3 Qxc4 {#R} 0-1

[Event "ch-CRO 2017"]
[Site "Valpovo CRO"]
[Date "2017.04.28"]
[Round "4.6"]
[White "Zelcic,R"]
[Black "Saric,Iv"]
[Result "0-1"]
[WhiteElo "2500"]
[BlackElo "2609"]

1.e4 c5 2.Nf3 d6 3.d4 cxd4 4.Qxd4 Nf6 5.Nc3 a6 6.e5 Nc6 7.Qa4 Ng4 8.Bb5 Nxe5
9.Nxe5 dxe5 10.Bxc6+ bxc6 11.Be3 e6 12.Bc5 Qc7 13.Bxf8 Rxf8 14.O-O-O f5 15.Rd2
Kf7 16.Rhd1 Kg8 17.Rd6 c5 18.Qh4 h6 19.Na4 Kh7 20.Nb6 Rb8 21.Nxc8 Qxc8 22.Rd7
Rg8 23.Qg3 Rb7 24.R7d6 e4 25.Qa3 c4 26.g3 Qc7 27.Qxa6 c3 28.Rc6 cxb2+ 29.Kb1
Qf7 30.Qc4 Qh5 31.Rcd6 Re8 32.h4 Qf3 33.Qc6 Ree7 34.Qc5 Rec7 35.Qd4 Qe2 36.Qd2
Qc4 37.Rd4 Qa6 38.Rd6 Qa3 39.Qe3 Rc3 {#R} 0-1

[Event "ch-NED Junior 2017"]
[Site "Assen NED"]
[Date "2017.04.28"]
[Round "8.2"]
[White "Van Dael,Siem"]
[Black "Kevlishvili,Robby"]
[Result "0-1"]
[WhiteElo "2051"]
[BlackElo "2414"]

1.e4 e5 2.Nf3 Nc6 3.Bc4 Bc5 4.c3 Nf6 5.d3 d6 6.O-O O-O 7.Bg5 Qe7 8.a4 a6 9.h3
Ba7 10.Re1 Nd8 11.Na3 Ne6 12.Bd2 h6 13.Nc2 Nh7 14.d4 Nhg5 15.dxe5 dxe5 16.b4
Qf6 17.Bxe6 Nxf3+ 18.Qxf3 Qxf3 19.gxf3 Bxe6 20.Kg2 Rfd8 21.Be3 Rd3 22.Bxa7
Rxa7 23.Re3 Rd2 24.Ne1 Bc4 25.Kg3 Ra8 26.Ng2 g5 27.h4 Rad8 28.Rae1 gxh4+
29.Nxh4 Kh7 30.Kg4 Be6+ 31.Kh5 Rxf2 {#R} 0-1

[Event "ch-NED Junior 2017"]
[Site "Assen NED"]
[Date "2017.04.28"]
[Round "8.3"]
[White "Schoppen,Casper"]
[Black "Vereggen,L"]
[Result "1-0"]
[WhiteElo "2423"]
[BlackElo "2334"]

1.d4 g6 2.Nf3 Bg7 3.c4 d6 4.Nc3 Nf6 5.e4 O-O 6.Be2 e5 7.O-O Nc6 8.d5 Ne7 9.Ne1
Ne8 10.Be3 f5 11.f3 c5 12.Nd3 b6 13.b4 Bd7 14.a4 a5 15.bxc5 dxc5 16.Qb3 f4
17.Bf2 Qc7 18.Rab1 Nc8 19.Nb5 Bxb5 20.Qxb5 Ned6 21.Qb3 Re8 22.Kh1 g5 23.Rg1
Kh8 24.g3 fxg3 25.Rxg3 Bf6 26.Be3 Nf7 27.Bf1 Bd8 28.Bh3 Ncd6 29.Qc3 Qe7 30.Bc1
Qf6 31.Bb2 h5 32.Be6 Kh7 33.Nxe5 Nxe5 34.Qxe5 Qxe5 35.Bxe5 Nxc4 36.Bc3 Kh6
37.h4 gxh4 38.Rg7 Re7 39.Rg8 {#r} 1-0

[Event "ch-NED Junior 2017"]
[Site "Assen NED"]
[Date "2017.04.28"]
[Round "8.4"]
[White "Beerdsen,Thomas"]
[Black "Den Hartog,Marijn"]
[Result "1-0"]
[WhiteElo "2446"]
[BlackElo "2227"]

1.e4 e6 2.b3 d5 3.Bb2 dxe4 4.Nc3 Nf6 5.Qe2 Be7 6.Nxe4 Nc6 7.Nf3 O-O 8.g3 Nxe4
9.Qxe4 Bf6 10.d4 Qd5 11.Bd3 g6 12.a3 Qa5+ 13.Kf1 Rd8 14.Qf4 Bg7 15.h4 Qd5
16.h5 Nxd4 17.hxg6 fxg6 18.Qh4 h5 19.Bxd4 Bxd4 20.Be4 Qd7 21.Rd1 Bf6 22.Qxf6
Qxd1+ 23.Kg2 Qd7 24.Ne5 Qe8 25.Bxg6 Qf8 26.Bf7+ {#r} 1-0

[Event "ch-NED Junior 2017"]
[Site "Assen NED"]
[Date "2017.04.28"]
[Round "8.5"]
[White "Van Baar,Esper"]
[Black "Vrolijk,Liam"]
[Result "0-1"]
[WhiteElo "2136"]
[BlackElo "2378"]

1.e4 e6 2.d4 d5 3.Nd2 c5 4.Ngf3 cxd4 5.exd5 Qxd5 6.Bc4 Qd7 7.O-O Nc6 8.Nb3 Nf6
9.Nbxd4 Nxd4 10.Nxd4 a6 11.c3 Qc7 12.Qe2 Bd6 13.h3 O-O 14.Bg5 Ne4 15.Nf3 Nxg5
16.Nxg5 Be7 17.Nf3 b5 18.Bd3 Bb7 19.Be4 Rfd8 20.Rfd1 Bf6 21.Rac1 Rac8 22.a3 g6
23.Qe3 Kg7 24.Rxd8 Rxd8 25.Qa7 Qf4 {#R} 0-1

[Event "ch-RUS Junior 2017"]
[Site "Loo RUS"]
[Date "2017.04.28"]
[Round "9.1"]
[White "Faizrakhmanov,Ramil"]
[Black "Sarana,A"]
[Result "0-1"]
[WhiteElo "2436"]
[BlackElo "2464"]

1.d4 Nf6 2.c4 e6 3.Nf3 d5 4.Nc3 dxc4 5.e3 a6 6.Bxc4 b5 7.Bd3 Bb7 8.Qe2 Nbd7
9.O-O c5 10.Rd1 cxd4 11.exd4 Be7 12.a3 O-O 13.Ne5 Rc8 14.Bd2 Rc7 15.Rac1 Qa8
16.f4 Rd8 17.Nd5 Nxd5 18.Bxh7+ Kf8 19.Rxc7 Nxc7 20.Qh5 Nxe5 21.fxe5 Ke8 22.Bg8
Kd7 23.Bxf7 Bxg2 24.Rc1 Qe4 25.Qd1 Bf3 26.Qe1 Qg4+ 27.Qg3 Qxd4+ 28.Qf2 Qxf2+
29.Kxf2 Rf8 {#R} 0-1

[Event "ch-RUS Junior 2017"]
[Site "Loo RUS"]
[Date "2017.04.28"]
[Round "9.3"]
[White "Kozionov,Kirill"]
[Black "Paravyan,D"]
[Result "0-1"]
[WhiteElo "2440"]
[BlackElo "2534"]

1.e4 c5 2.Nf3 d6 3.Bb5+ Nd7 4.d4 cxd4 5.Qxd4 a6 6.Bxd7+ Bxd7 7.c4 Nf6 8.Bg5 e6
9.O-O Be7 10.Nc3 Bc6 11.Rfd1 O-O 12.Qe3 Qa5 13.Nd5 exd5 14.exd5 Rfe8 15.dxc6
bxc6 16.Qd2 Qb6 17.Be3 Qb7 18.Qc2 d5 19.cxd5 cxd5 20.Bd4 Ne4 21.Rac1 Rac8
22.Qd3 Rcd8 23.Qc2 Rc8 24.Qd3 Nc5 25.Qf5 Ne6 26.Bc3 Rc5 27.Nd4 Bf8 28.Nb3 Rcc8
29.Rd3 d4 30.Rxd4 Nxd4 31.Nxd4 Qxb2 {#R} 0-1

[Event "ch-SRB Junior 2017"]
[Site "Belgrade SRB"]
[Date "2017.04.28"]
[Round "1.1"]
[White "Savic,Mihai"]
[Black "Radovanovic,Mihajlo"]
[Result "0-1"]
[WhiteElo "2206"]
[BlackElo "2347"]

1.e4 c5 2.Nf3 d6 3.Bb5+ Nc6 4.O-O Bd7 5.Re1 a6 6.Bxc6 Bxc6 7.d4 cxd4 8.Qxd4
Nf6 9.c4 g6 10.Nc3 Bg7 11.Bg5 O-O 12.Qd2 Re8 13.Rac1 Nd7 14.Be3 Nf6 15.Bh6 Bh8
16.h3 Rc8 17.Qd3 Nd7 18.Be3 Nc5 19.Bxc5 dxc5 20.Qe2 e6 21.e5 Qc7 22.Nd2 Rcd8
23.f4 f6 24.Nb3 fxe5 25.fxe5 b6 26.Rcd1 Rxd1 27.Nxd1 Rf8 28.Nf2 Rf5 29.Ng4 Bg7
30.Qe3 Qd8 31.Nc1 Rg5 32.Nd3 h5 33.Nf4 Kf7 34.Nf6 Qd4 35.Qxd4 cxd4 36.h4 Rf5
37.g3 Bxf6 38.exf6 e5 39.Nd3 Kxf6 40.c5 bxc5 41.Nxc5 Rf3 {#R} 0-1

[Event "ch-SRB Junior 2017"]
[Site "Belgrade SRB"]
[Date "2017.04.28"]
[Round "1.5"]
[White "Dimic,P"]
[Black "Sevkusic,Uros"]
[Result "1-0"]
[WhiteElo "2297"]
[BlackElo "1906"]

1.d4 d5 2.Nf3 Nf6 3.c4 e6 4.Nc3 Be7 5.Bg5 O-O 6.e3 h6 7.Bh4 b6 8.Qb3 c5 9.Bxf6
Bxf6 10.cxd5 cxd4 11.Nxd4 Bxd4 12.exd4 exd5 13.Qxd5 Qe7+ 14.Qe5 Re8 15.O-O-O
Qxe5 16.dxe5 Bg4 17.f3 Be6 18.Rd6 Nd7 19.Bb5 Re7 20.f4 Rc8 21.Rhd1 Nc5 22.Rd8+
Rxd8 23.Rxd8+ Kh7 24.b4 Nb7 25.Rb8 Rc7 26.Kb2 Bd7 27.Bd3+ {#r} 1-0

[Event "Zonal 2.4 2017"]
[Site "Florianopolis BRA"]
[Date "2017.04.28"]
[Round "3.5"]
[White "Umetsubo,C"]
[Black "Quintiliano Pinto,R"]
[Result "1-0"]
[WhiteElo "2392"]
[BlackElo "2494"]

1.e4 c5 2.Nc3 Nc6 3.g3 g6 4.Bg2 Bg7 5.d3 d6 6.Be3 Rb8 7.Qd2 b5 8.Nge2 b4 9.Nd1
Nd4 10.O-O Nxe2+ 11.Qxe2 Nf6 12.h3 O-O 13.Qd2 Bb7 14.Bh6 Bxh6 15.Qxh6 c4
16.Ne3 cxd3 17.cxd3 Qb6 18.Qg5 Kh8 19.Rac1 Rfc8 20.Nc4 Qc5 21.Nxd6 Qxd6 22.e5
Qe6 23.Bxb7 Rxc1 24.Rxc1 Ng8 25.Be4 Qxa2 26.Qd2 Qe6 27.d4 a5 28.Qf4 f6 29.Rc6
Qb3 30.exf6 Rf8 31.fxe7 Rxf4 32.e8=Q Qf7 33.Qe5+ Rf6 34.Bd5 Qg7 35.Rc8 {#r}
1-0

[Event "Zonal 2.4 2017"]
[Site "Florianopolis BRA"]
[Date "2017.04.28"]
[Round "3.9"]
[White "Matsuura,E"]
[Black "Souza Neves,A"]
[Result "1-0"]
[WhiteElo "2481"]
[BlackElo "2163"]

1.c4 e5 2.Nc3 Nf6 3.Nf3 Nc6 4.g3 Bc5 5.Bg2 d6 6.O-O O-O 7.d3 h6 8.Na4 Qe7 9.b3
e4 10.dxe4 Nxe4 11.Bb2 Bf5 12.Nxc5 dxc5 13.Qd5 Bh7 14.Ne5 Nb4 15.Qxb7 Rab8
16.Nc6 Nxc6 17.Qxc6 Rfd8 18.Rfd1 Rd2 19.Rxd2 Nxd2 20.Bd5 Qxe2 21.Qxc7 Rf8
22.Qe5 Qxe5 23.Bxe5 Rd8 24.Bc7 Re8 25.Bd6 Bb1 26.Bf4 Re1+ 27.Kg2 Ne4 28.Rxb1
Rxb1 29.Bxe4 Rb2 30.Bc6 Rxa2 31.Ba4 g5 32.Be3 g4 33.Bxh6 {#r} 1-0

[Event "Zonal 2.4 2017"]
[Site "Florianopolis BRA"]
[Date "2017.04.28"]
[Round "3.12"]
[White "Campelo,L"]
[Black "Souza,R"]
[Result "0-1"]
[WhiteElo "2207"]
[BlackElo "2154"]

1.e4 g6 2.d4 Bg7 3.Nc3 d6 4.Be3 c6 5.Qd2 b5 6.f3 Nd7 7.Nge2 Nb6 8.Nf4 a5 9.Bd3
Nf6 10.O-O O-O 11.Qf2 Nfd7 12.Rad1 b4 13.Nb1 Qc7 14.c3 c5 15.Qh4 Bf6 16.Qh6
Bg7 17.Qh4 Bf6 18.Qh6 Bg7 19.Qh4 e5 20.Ne2 a4 21.a3 c4 22.axb4 cxd3 23.Rxd3
Ba6 24.Rfd1 Bxd3 25.Rxd3 Nc4 26.Bc1 Qd8 27.Qh3 Ncb6 28.f4 exd4 29.cxd4 Qe7
30.Nbc3 f5 31.e5 dxe5 32.fxe5 Qxb4 33.Qh4 Nxe5 34.Rh3 Ng4 35.Qxh7+ Kf7 36.Bh6
Nxh6 37.Rxh6 Qd6 38.Ng3 Rh8 39.Qxg7+ {#R} 0-1

[Event "Zonal 2.4 2017"]
[Site "Florianopolis BRA"]
[Date "2017.04.28"]
[Round "3.16"]
[White "Sekula,Markley Ribas"]
[Black "Pereira,Si"]
[Result "0-1"]
[WhiteElo "2065"]
[BlackElo "2269"]

1.e4 e5 2.Nf3 Nc6 3.c3 Nf6 4.d4 d5 5.Bb5 exd4 6.e5 Ne4 7.Nxd4 Bd7 8.Bxc6 bxc6
9.O-O Bc5 10.Nd2 Nxd2 11.Bxd2 O-O 12.Qh5 f6 13.b4 Bb6 14.Rae1 fxe5 15.Rxe5 Qf6
16.Qg5 a5 17.Qxf6 gxf6 18.Re7 Rf7 19.Rxf7 Kxf7 20.bxa5 Rxa5 21.Ra1 c5 22.Nc2
Ra4 23.Ne3 Be6 24.a3 Ba5 25.f3 d4 26.Nd1 Bb3 27.Kf2 Bxd1 28.Rxd1 Rxa3 29.Rc1
Ra2 30.Ke1 dxc3 31.Bxc3 Ra1 {#R} 0-1

[Event "Zonal 2.4 2017"]
[Site "Florianopolis BRA"]
[Date "2017.04.28"]
[Round "3.18"]
[White "Fonseca,Luis Ernesto Serra Azul"]
[Black "Dos Santos,H"]
[Result "1-0"]
[WhiteElo "1990"]
[BlackElo "2209"]

1.e4 e5 2.Nf3 Nc6 3.Bc4 Bc5 4.c3 Qe7 5.d4 Bb6 6.O-O d6 7.a4 a6 8.Be3 Nf6
9.dxe5 dxe5 10.Bxb6 cxb6 11.Re1 Bg4 12.Nbd2 O-O 13.Nf1 Be6 14.Bxe6 Qxe6 15.Ng5
Qe7 16.Ng3 Rad8 17.Nf5 Qc7 18.Qf3 g6 19.Nh6+ {#r} 1-0

[Event "Zonal 2.4 2017"]
[Site "Florianopolis BRA"]
[Date "2017.04.28"]
[Round "3.19"]
[White "Bassani,Jaison Jose"]
[Black "Teixeira,Ri"]
[Result "1-0"]
[WhiteElo "1969"]
[BlackElo "2205"]

1.e4 e6 2.d4 d5 3.exd5 exd5 4.c4 Nf6 5.Nc3 Bb4 6.Bd3 O-O 7.Nf3 Qe7+ 8.Be3 dxc4
9.Bxc4 Ng4 10.Qd3 g6 11.O-O Bf5 12.Qd2 Nc6 13.Bg5 Qd6 14.Bf4 Qd8 15.a3 Be7
16.Nd5 Bd6 17.Bg5 Ne7 18.h3 h6 19.Bxe7 Bxe7 20.hxg4 Bxg4 21.Nxe7+ Qxe7 22.Ne5
Be6 23.d5 Rad8 24.Rfe1 Qf6 25.Qxh6 Bxd5 26.Ng4 Qxb2 27.Rab1 {#r} 1-0

[Event "Zonal 2.4 2017"]
[Site "Florianopolis BRA"]
[Date "2017.04.28"]
[Round "3.22"]
[White "Zimmermann,Kleber Renato P."]
[Black "Madeira,W"]
[Result "0-1"]
[WhiteElo "1961"]
[BlackElo "2189"]

1.d4 Nf6 2.c4 c5 3.d5 e6 4.Nc3 exd5 5.cxd5 d6 6.e4 g6 7.f3 Bg7 8.Bg5 h6 9.Be3
O-O 10.Qd2 h5 11.a4 Na6 12.Nge2 Nb4 13.Nc1 Re8 14.Be2 b6 15.O-O Ba6 16.Bxa6
Nxa6 17.Bg5 Qd7 18.Nb5 Nc7 19.Nxc7 Qxc7 20.Ne2 a6 21.Nc3 Nd7 22.Rae1 c4 23.Be3
Nc5 24.Bxc5 Qxc5+ 25.Kh1 b5 26.h3 b4 27.Nd1 Rec8 28.f4 c3 29.bxc3 bxc3 30.Qc2
Rab8 31.f5 Be5 32.fxg6 fxg6 33.Qc1 c2 34.Qg5 c1=Q 35.Ne3 Q1xe3 36.Qxg6+ Bg7
37.Qf7+ Kh8 38.Rxe3 Qxe3 39.Qxh5+ Qh6 40.Qd1 Rf8 41.Rxf8+ Rxf8 {#R} 0-1

[Event "Zonal 2.4 2017"]
[Site "Florianopolis BRA"]
[Date "2017.04.28"]
[Round "3.29"]
[White "Ferreira,K"]
[Black "Ribeiro,Allysson"]
[Result "1-0"]
[WhiteElo "2087"]
[BlackElo "1839"]

1.d4 d5 2.e4 dxe4 3.Nc3 Nf6 4.f3 exf3 5.Nxf3 Bg4 6.h3 Bxf3 7.Qxf3 c6 8.Qf2
Nbd7 9.Be3 Qa5 10.Bd3 Nd5 11.Bd2 Nxc3 12.bxc3 e6 13.O-O Nf6 14.Rab1 Qc7 15.Bf4
Qd7 16.Be5 Ng8 17.d5 Nh6 18.dxc6 bxc6 19.Be4 f6 20.Rfd1 Qc8 21.Bg3 Qa6 22.Qd4
Kf7 23.Bd3 Qa5 24.Rb7+ Be7 25.Rxe7+ Kxe7 26.Qd6+ Kf7 27.Qd7+ Kg8 28.Qxe6+ Nf7
29.Bc4 Rf8 30.Rd7 h5 31.Rxf7 Rxf7 32.Qxf7+ {#r} 1-0

[Event "Zonal 2.4 2017"]
[Site "Florianopolis BRA"]
[Date "2017.04.28"]
[Round "3.31"]
[White "Menegotto,Giovanni Arnaldo Gazzola"]
[Black "Rodrigues,Natanael Isau"]
[Result "1-0"]
[WhiteElo "2085"]
[BlackElo "1774"]

1.e4 c6 2.Nc3 d5 3.Nf3 d4 4.Ne2 c5 5.Ng3 Qc7 6.Bc4 Nc6 7.a4 f6 8.d3 g6 9.h3
Bg7 10.O-O Nh6 11.Bd2 Nf7 12.Qe1 e5 13.Nh2 Nd6 14.Ba2 Qe7 15.f4 Be6 16.fxe5
Nxe5 17.Bxe6 Qxe6 18.Ne2 Qd7 19.Nf4 O-O 20.Nd5 Rac8 21.b3 f5 22.Qh4 Rce8
23.Nf3 Nxf3+ 24.gxf3 fxe4 25.fxe4 Be5 26.Rxf8+ Kxf8 27.Rf1+ Kg8 28.Bg5 Nf5
29.Qg4 h5 30.Qf3 Ne3 31.Ne7+ Kh7 32.Qf7+ Bg7 33.Qxg6+ {#r} 1-0

[Event "Zonal 2.4 2017"]
[Site "Florianopolis BRA"]
[Date "2017.04.28"]
[Round "3.33"]
[White "Lahoz,Cassiano"]
[Black "Pereira,Geanfrancesco"]
[Result "1-0"]
[WhiteElo "1780"]
[BlackElo "2036"]

1.Nf3 d5 2.g3 Nc6 3.Bg2 e5 4.d3 f5 5.O-O Nf6 6.Nbd2 Bd6 7.e4 dxe4 8.dxe4 f4
9.gxf4 exf4 10.e5 Nxe5 11.Re1 Bg4 12.Nc4 Qe7 13.Ncxe5 Bxe5 14.Bxf4 Nd7 15.Bxe5
O-O 16.Qd5+ Kh8 17.Bg3 Nf6 18.Qc4 Qd8 19.Ng5 Qd7 20.Bxb7 Rab8 21.Bc6 Qd2
22.Nf7+ Kg8 23.Nh6+ Kh8 24.Nxg4 Rb4 25.Qc5 {#r} 1-0

[Event "Zonal 2.4 2017"]
[Site "Florianopolis BRA"]
[Date "2017.04.28"]
[Round "3.35"]
[White "Maiberg,Wellington Gubiani"]
[Black "Farias,Edilsom"]
[Result "1-0"]
[WhiteElo "1892"]
[BlackElo "1845"]

1.e4 e5 2.Bc4 Nf6 3.d4 Be7 4.dxe5 Nxe4 5.Qd5 O-O 6.Qxe4 d6 7.Nf3 dxe5 8.O-O
Nc6 9.Nc3 Bd6 10.Bg5 Qd7 11.Rad1 Qg4 12.Rfe1 Kh8 13.Bd5 f6 14.Bc1 Bf5 15.Qxg4
Bxg4 16.h3 Bh5 17.Nb5 Rfd8 18.Bxc6 bxc6 19.Nxd6 cxd6 20.g4 Bg6 21.c3 d5 22.Be3
a5 23.b3 Bf7 24.Nh4 g6 25.f4 Re8 26.fxe5 fxe5 27.Nf3 Kg7 28.Ng5 {#r} 1-0

[Event "Zonal 2.4 2017"]
[Site "Florianopolis BRA"]
[Date "2017.04.28"]
[Round "3.40"]
[White "De Haro,M"]
[Black "De Vilhena,Cleriston Mubarak T."]
[Result "1-0"]
[WhiteElo "1925"]
[BlackElo "1601"]

1.Nf3 c6 2.e4 d5 3.Nc3 dxe4 4.Nxe4 Nf6 5.Nxf6+ exf6 6.Bc4 Bd6 7.d4 Bg4 8.h3
Bh5 9.g4 Bg6 10.Nh4 Qe7+ 11.Kd2 O-O 12.Nxg6 hxg6 13.Re1 Qc7 14.c3 Nd7 15.Kc2
Nb6 16.Bb3 a5 17.a4 Rfe8 18.Be3 Re7 19.h4 Rae8 20.h5 g5 21.Qd3 Nd5 22.h6 Nxe3+
23.fxe3 g6 24.Qxg6+ {#r} 1-0

[Event "Zonal 2.4 2017"]
[Site "Florianopolis BRA"]
[Date "2017.04.28"]
[Round "3.41"]
[White "Pereira,Armando Scharlau"]
[Black "Jesus Filho,J"]
[Result "1-0"]
[WhiteElo "1725"]
[BlackElo "1909"]

1.d4 g6 2.Bf4 Bg7 3.e3 Nf6 4.Nf3 O-O 5.Be2 d5 6.Nbd2 Nbd7 7.h3 Nh5 8.Bh2 c5
9.c3 c4 10.e4 e6 11.O-O f5 12.exd5 exd5 13.Bd6 Re8 14.Bh2 Bh6 15.Ne5 Nf4
16.Ndf3 Nxe5 17.Nxe5 Nxe2+ 18.Qxe2 f4 19.Qf3 Rf8 20.Rfe1 Bf5 21.Ng4 Bg5 22.Ne5
Be4 23.Qe2 Qd6 24.Nxc4 Qc7 25.Ne5 Rae8 26.f3 Bf5 27.Qd2 Re6 28.Rac1 b5 29.Bxf4
Bxf4 30.Qxf4 Bxh3 31.Qh4 Bf5 32.g4 Rxe5 33.Rxe5 Bd7 34.Re7 Rf7 35.Rxf7 Kxf7
36.Qxh7+ Kf6 37.Qh4+ g5 38.Qh6+ Kf7 39.Qh7+ Kf6 40.Qh8+ Kg6 41.Qe5 Qc8 42.Qd6+
{#r} 1-0

[Event "Zonal 2.4 2017"]
[Site "Florianopolis BRA"]
[Date "2017.04.28"]
[Round "3.43"]
[White "Abdalla,Umar Mohammad"]
[Black "Serafim Junior,Arnor"]
[Result "0-1"]
[WhiteElo "1357"]
[BlackElo "1855"]

1.d4 Nf6 2.c4 g6 3.Nc3 Bg7 4.e3 O-O 5.Nf3 d6 6.Be2 Nbd7 7.O-O c6 8.Re1 Re8
9.h3 e5 10.dxe5 dxe5 11.e4 Qe7 12.Bf1 h6 13.Qc2 Nh5 14.Be3 Nc5 15.b4 Ne6 16.a3
Nd4 17.Qd1 Rd8 18.Rc1 Qf6 19.Bxd4 exd4 20.e5 Qe7 21.Ne2 d3 22.Ned4 Nf4 23.Bxd3
Bxh3 24.gxh3 Rxd4 25.Nxd4 Qg5+ {#R} 0-1

[Event "Zonal 2.4 2017"]
[Site "Florianopolis BRA"]
[Date "2017.04.28"]
[Round "4.2"]
[White "Umetsubo,C"]
[Black "Di Berardino,D"]
[Result "0-1"]
[WhiteElo "2392"]
[BlackElo "2494"]

1.d4 Nf6 2.c4 g6 3.Nc3 d5 4.cxd5 Nxd5 5.e4 Nxc3 6.bxc3 Bg7 7.Nf3 c5 8.Rb1 O-O
9.Be2 Nc6 10.d5 Ne5 11.Nxe5 Bxe5 12.Qd2 e6 13.f4 Bc7 14.O-O exd5 15.exd5 Ba5
16.f5 Bxf5 17.Bd3 Bd7 18.Rxb7 Bc8 19.Rb5 a6 20.Rxc5 Bb6 21.Qf2 Bb7 22.c4 Rc8
23.Be3 Qe7 24.Rb1 Bxc5 25.Bxc5 Rxc5 26.Rxb7 Qxb7 27.Qxc5 Qb2 28.Qe3 Rd8 29.Qf2
Qe5 30.h3 Rb8 31.a4 Rb2 32.Qf3 Rb3 {#R} 0-1

[Event "Zonal 2.4 2017"]
[Site "Florianopolis BRA"]
[Date "2017.04.28"]
[Round "4.4"]
[White "Born,C"]
[Black "Matsuura,E"]
[Result "0-1"]
[WhiteElo "2197"]
[BlackElo "2481"]

1.e4 c5 2.Nf3 Nc6 3.d4 cxd4 4.Nxd4 Nf6 5.Nc3 d6 6.Bg5 e6 7.Qd2 Be7 8.O-O-O O-O
9.f3 Nxd4 10.Qxd4 a6 11.Kb1 Qc7 12.g4 b5 13.h4 Bb7 14.Bd3 b4 15.Ne2 d5 16.exd5
Bxd5 17.Qe3 Bc5 18.Qd2 Nd7 19.Rhf1 Ne5 20.Be4 Bxe4 21.fxe4 Nxg4 22.Nc1 f6
23.Bf4 e5 24.Qg2 h5 25.Bd2 a5 26.Rf5 g6 27.Rf3 Rac8 28.Rg3 Bf2 29.Rxg4 Qxc2+
30.Ka1 hxg4 31.Nd3 Bd4 32.Qxg4 Kh7 33.h5 g5 34.h6 Kh8 35.Qf3 a4 36.Qf1 a3
37.Bc1 axb2+ {#R} 0-1

[Event "Zonal 2.4 2017"]
[Site "Florianopolis BRA"]
[Date "2017.04.28"]
[Round "4.6"]
[White "Souza,R"]
[Black "Santiago,Y"]
[Result "0-1"]
[WhiteElo "2154"]
[BlackElo "2453"]

1.g3 Nf6 2.Bg2 d5 3.d3 e6 4.Nf3 Be7 5.O-O O-O 6.Nbd2 a5 7.e4 a4 8.a3 c5 9.Re1
Nc6 10.e5 Nd7 11.Nf1 b5 12.h4 b4 13.N1h2 Qc7 14.Bf4 Bb7 15.Ng4 Rfc8 16.Ng5 Qd8
17.c3 Na5 18.c4 Nf8 19.Ne3 Nb3 20.Rb1 h6 21.Nh3 Nd4 22.Qg4 Kh7 23.Qh5 Ng6
24.cxd5 Bxd5 25.Ng5+ Kg8 26.Nxd5 Bxg5 27.hxg5 exd5 28.gxh6 Nxf4 29.gxf4 g6
30.Qh1 Ne6 31.f5 gxf5 32.Bxd5 Qg5+ 33.Kf1 Rab8 34.Re3 f4 35.Re4 bxa3 36.Rxa4
Rxb2 37.Ra1 Rcb8 38.Re4 Nd4 39.Qh2 Nf3 40.h7+ Kh8 41.Qg2 Rb1+ {#R} 0-1

[Event "Zonal 2.4 2017"]
[Site "Florianopolis BRA"]
[Date "2017.04.28"]
[Round "4.7"]
[White "Mekhitarian,K"]
[Black "Barreto Junior,Williem Silva"]
[Result "1-0"]
[WhiteElo "2544"]
[BlackElo "2195"]

1.e4 c6 2.d4 d5 3.e5 c5 4.dxc5 Nc6 5.Nf3 Bg4 6.c3 e6 7.Be3 Bxf3 8.Qxf3 Nxe5
9.Bb5+ Nc6 10.O-O Nf6 11.c4 a6 12.Ba4 Qa5 13.Nc3 Bxc5 14.cxd5 exd5 15.Nxd5 Kf8
16.Bxc6 bxc6 17.Nxf6 {#r} 1-0

[Event "Zonal 2.4 2017"]
[Site "Florianopolis BRA"]
[Date "2017.04.28"]
[Round "4.12"]
[White "Coelho,L"]
[Black "Miranda Neto,J"]
[Result "1-0"]
[WhiteElo "2406"]
[BlackElo "2111"]

1.d4 d5 2.c4 c6 3.Nf3 e6 4.e3 Nf6 5.Nc3 Nbd7 6.Bd3 Bd6 7.O-O O-O 8.e4 dxe4
9.Nxe4 Nxe4 10.Bxe4 Nf6 11.Bc2 Qc7 12.Bg5 Be7 13.Qd3 g6 14.Rfe1 b5 15.c5 Nd5
16.Bxe7 Qxe7 17.Qe4 Bb7 18.h4 Qf6 19.g3 a5 20.Ne5 Rfd8 21.h5 Qf5 22.hxg6 hxg6
23.Qe2 Qg5 24.Be4 Ne7 25.Rad1 Rac8 26.Rd3 Rc7 27.f4 Qf6 28.Qf2 Nd5 29.Rf3 Bc8
30.g4 Qg7 31.f5 Ne7 32.Rd1 Kf8 33.Rh3 Nxf5 34.Bxf5 exf5 35.Qh2 Kg8 36.Kf2 f6
37.Rh1 Rxd4 38.Rh8+ {#r} 1-0

[Event "Zonal 2.4 2017"]
[Site "Florianopolis BRA"]
[Date "2017.04.28"]
[Round "4.15"]
[White "Goncalves,Davi Sulzbacher"]
[Black "Okamura,M"]
[Result "1-0"]
[WhiteElo "2229"]
[BlackElo "2072"]

1.d4 d5 2.c4 c6 3.Nf3 Nf6 4.Nc3 e6 5.g3 dxc4 6.Bg2 b5 7.O-O a6 8.b3 b4 9.Na4
c3 10.Ne1 Bb7 11.Nd3 Nbd7 12.a3 a5 13.Nac5 Nxc5 14.dxc5 Nd5 15.e4 Nc7 16.axb4
axb4 17.Rxa8 Qxa8 18.Ne5 {#r} 1-0

[Event "Zonal 2.4 2017"]
[Site "Florianopolis BRA"]
[Date "2017.04.28"]
[Round "4.18"]
[White "Trois,F"]
[Black "Bassani,Jaison Jose"]
[Result "0-1"]
[WhiteElo "2205"]
[BlackElo "1969"]

1.d4 f5 2.g3 Nf6 3.Bg2 e6 4.c4 Be7 5.Nc3 O-O 6.e3 d6 7.Nge2 Qe8 8.O-O c6 9.b4
e5 10.b5 Qh5 11.f3 Be6 12.d5 cxd5 13.Nxd5 Bxd5 14.cxd5 Nbd7 15.Ba3 Nb6 16.Qb3
Rac8 17.Rac1 Qf7 18.e4 fxe4 19.Rxc8 Nxc8 20.fxe4 Qh5 21.Qd3 Bd8 22.h3 Bb6+
23.Kh1 Qg6 24.Kh2 Ng4+ {#R} 0-1

[Event "Zonal 2.4 2017"]
[Site "Florianopolis BRA"]
[Date "2017.04.28"]
[Round "4.21"]
[White "Souza Neves,A"]
[Black "Predebon,Eduardo"]
[Result "1-0"]
[WhiteElo "2163"]
[BlackElo "1829"]

1.d4 Nf6 2.c4 c5 3.d5 b5 4.cxb5 a6 5.b6 Bb7 6.Nc3 d6 7.a4 Qxb6 8.a5 Qc7 9.e4
Nbd7 10.Nf3 g6 11.Be2 Bg7 12.O-O O-O 13.Nd2 Rab8 14.Nc4 Rfd8 15.f4 Ne8 16.Bf3
e6 17.Re1 exd5 18.exd5 Nef6 19.g4 Re8 20.g5 Nh5 21.Bxh5 gxh5 22.Be3 f5 23.Qd3
Rf8 24.Bf2 Rf7 25.Rad1 Nf8 26.h4 Ng6 27.Bg3 Rd8 28.Qf3 Bc8 29.Qxh5 Bd7 30.Qf3
Bb5 31.Nb6 Ne7 32.h5 Nc8 33.g6 Re7 34.Bh4 Rxe1+ 35.Rxe1 Re8 36.Rxe8+ Bxe8
37.Qe2 Bb5 38.Nxb5 {#r} 1-0

[Event "Zonal 2.4 2017"]
[Site "Florianopolis BRA"]
[Date "2017.04.28"]
[Round "4.22"]
[White "Correa,Jose Augusto"]
[Black "Carvalho,H"]
[Result "0-1"]
[WhiteElo "1966"]
[BlackElo "2161"]

1.c4 e5 2.Nc3 Nf6 3.g3 d5 4.cxd5 Nxd5 5.Bg2 Nb6 6.Nf3 Nc6 7.a3 a5 8.O-O Be7
9.d3 O-O 10.Be3 Be6 11.Na4 Nd5 12.Bc5 Bd6 13.Rc1 Rb8 14.Qd2 f6 15.Bxd6 cxd6
16.Nc3 Nxc3 17.Rxc3 a4 18.d4 Na5 19.d5 Bd7 20.Qc2 Qb6 21.Rc7 Rbc8 22.Rc1 Nb3
23.Rxc8 Rxc8 24.Qxc8+ Bxc8 25.Rxc8+ Kf7 26.Bh3 Nc5 27.Nh4 g6 28.Rh8 Kg7 29.Re8
Ne4 30.Be6 Qxf2+ {#R} 0-1

[Event "Zonal 2.4 2017"]
[Site "Florianopolis BRA"]
[Date "2017.04.28"]
[Round "4.23"]
[White "Baeta,M"]
[Black "Andrade Fiaes,M"]
[Result "0-1"]
[WhiteElo "1968"]
[BlackElo "2154"]

1.e4 e5 2.Bc4 Nc6 3.Nf3 Bc5 4.c3 Nf6 5.d4 exd4 6.cxd4 Bb4+ 7.Kf1 Nxe4 8.Qb3
Qe7 9.Nc3 Na5 10.Bxf7+ Kf8 11.Qd5 Nf6 12.Qe5 Qxf7 13.a3 Bxc3 14.Qxc7 Nc6
15.Ne5 Nxe5 16.dxe5 Bxe5 17.Qxe5 d5 18.Bd2 Bd7 19.Bb4+ Kg8 20.Rd1 h6 21.h3 Kh7
22.Qd4 Rhe8 23.Kg1 Re4 24.Qd3 Bf5 25.Kh2 Qg6 26.Qd2 Rae8 27.Rhe1 Rxe1 28.Rxe1
Rxe1 29.Qxe1 Qe8 30.Qd2 Qe5+ 31.g3 d4 32.f4 Qe4 33.Bc5 Bd7 34.Bxd4 Bc6 35.g4
Qh1+ {#R} 0-1